| 000 | 00508nam a22001937a 4500 | ||
|---|---|---|---|
| 999 |
_c526627 _d526627 |
||
| 003 | NUST | ||
| 005 | 20190715053709.0 | ||
| 008 | 190715b ||||| |||| 00| 0 eng d | ||
| 020 | _qHardcover. | ||
| 038 | _awaseem | ||
| 082 |
_a891.421 _bLAL |
||
| 100 |
_aLal, Ashu _917626 |
||
| 245 |
_aGotam Naal Jhera / _cAshu Lal |
||
| 260 |
_aMultan : _bBeacon Books, _c1995. |
||
| 300 | _a144 p. ; | ||
| 880 |
_6100-01\r _a اشو لال |
||
| 880 |
_6245-02\r _aگوتم نال جھیڑا / |
||
| 942 |
_2ddc _cBK |
||